000 00714nam a2200217 4500
001 127656
003 ES-MaACL
005 20260426162626.0
007 t|
008 070214s1957 sp r ||||1| spa d
100 1 _aRilke, Rainer Maria,
_d1875-1926
_997230
245 1 0 _aCincuenta poesías /
_cRainer Maria Rilke ; traducción en verso y epílogo de José María Valverde.
260 _aMadrid :
_bAgora,
_c1957.
300 _a133 p., 1 lám. :
_b`retr. aut.` ;
_c17 cm.
490 1 _aColección Ágora ;
_v14
700 1 _aValverde, José María,
_d1926-1996
_9113013
830 0 _aColección Ágora ;
_v14
_9180771
852 _aES-MaACL
_jC-14309
_bR.40403
942 _2udc
999 _c127656
_d127656